000 00476nam a22001697a 4500
008 150713b xxu||||| |||| 00| 0 alb d
020 _a9789951897327
041 0 _aalb
080 _a343
100 _aSabedini, Musa ;
245 _aVrasje dhe dëshmi :
_cMusa Sabedini.
260 _aPrishtinë :
_bKMDLNJ ;
_c2010.
300 _a292 f. ,
_b16 fl. : me foto ;
_c21 cm.
500 _aLiteratura : f. 135
650 0 _aBiografia
942 _2udc
_cBK
999 _c1113
_d1113